Impuesto al valor agregado 2006-2007
Zapisane w:
| Główni autorzy: | , |
|---|---|
| Format: | Książka |
| Język: | hiszpański |
| Wydane: |
Santiago
Cepet
2007
|
| Hasła przedmiotowe: | |
| Etykiety: |
Dodaj etykietę
Nie ma etykietki, Dołącz pierwszą etykiete!
|
MARC
| LEADER | 00000nam a2200000 a 4500 | ||
|---|---|---|---|
| 001 | UCI3663 | ||
| 003 | CL-VaPUC | ||
| 008 | 071123e20070000CL |||||||||||||||||spa|d | ||
| 020 | |a 9789567583386 | ||
| 082 | 0 | 4 | |a 336.271 |b CON |2 21 |
| 100 | 0 | |a Contreras Urzúa, Hugo |e author |9 525118 | |
| 700 | 0 | |a González S., Leonel |e author |9 525119 | |
| 245 | 1 | 0 | |a Impuesto al valor agregado 2006-2007 |
| 300 | |a 998 p | ||
| 942 | |c BK | ||
| 945 | |d 20071123 00:00:00 |a rbrito | ||
| 260 | |a Santiago |b Cepet |c 2007 | ||
| 650 | 0 | |a Impuesto al Valor Agregado (IVA) |9 258896 | |
| 650 | 7 | |a IMPUESTO SOBRE EL CONSUMO |2 CL-VaPUC |9 525121 | |
| 650 | 0 | |a Jurisprudencia |9 255952 | |
| 650 | 0 | |a Impuestos |9 255450 | |
| 650 | 7 | |a LEGISLACION ECONOMICA |2 CL-VaPUC |9 359033 | |
| 583 | |a last modification |c 20071123 00:00:00 |k Rodrigo Vera | ||
| 999 | |c 327795 |d 327793 | ||
| 952 | |0 0 |1 0 |4 0 |6 336_271000000000000_CON_2007 |7 0 |8 A |9 411233 |a BIBDER |b BIBDER |d 2019-11-22 |i 4389301 |o 336.271 CON 2007 |p 4389301 |r 2023-01-25 |w 2019-11-22 |y BK |k DER | ||